Schtroumpfs par image - Statistiques

Statistiques générales
  • Ce quiz a été pris 11 618 fois
  • Le résultat moyen est 13 sur 20
Statistiques - réponses
Par images Réponse % Correct
Grand Schtroumpf
97%
Bébé Schtroumpf
95%
Schtroumpf Bricoleur
80%
Schtroumpfette
78%
Schtroumpf Musicien
76%
Schtroumpf Cuisinier
75%
Schtroumpf Gourmand
75%
Schtroumpf Coquet
73%
Schtroumpf Farceur
70%
Schtroumpf Bûcheron
69%
Schtroumpf Peureux
67%
Schtroumpf à Lunettes
62%
Schtroumpf Costaud
62%
Schtroumpf Grognon
62%
Schtroumpf Paysan
56%
Schtroumpf Poète
56%
Schtroumpf Paresseux
45%
Schtroumpf Tailleur
34%
Schtroumpf Peintre
28%
Schtroumpf Bêta
12%
Aucun quiz correspondant
Distribution des résultats
% des personnes avec chaque résultat
Percentile par nombre de réponses
Votre historique - résultats
Vous n’avez pas pris ce quiz